[Event "Gibraltar Masters 2015"]
[Site "Caleta ENG"]
[Date "2015.01.28"]
[Round "2.65"]
[White "Havik, Victor"]
[Black "Hamer, Martyn"]
[Result "1-0"]
[WhiteElo "2137"]
[BlackElo "2014"]
[WhiteFideId "1506757"]
[BlackFideId "413160"]
[EventDate "2015.01.27"]

1. d4 Nf6 2. c4 e6 3. Nc3 d5 4. cxd5 exd5 5. Bg5 c6 6. e3 Bf5 7. Qf3 Bg6 8. Bxf6
Qxf6 9. Qxf6 gxf6 10. h4 Nd7 11. Nge2 Bd6 12. Nf4 Bxf4 13. exf4 Bf5 14. Be2 Nb6
15. g4 Bd7 16. f3 O-O-O 17. Kf2 Rde8 18. Rae1 h6 19. Bd3 Rxe1 20. Rxe1 Kd8 21.
Ne2 Re8 22. b3 Nc8 23. Ng3 Rxe1 24. Kxe1 Nd6 25. Ke2 a5 26. f5 b6 27. Nh5 Ke7
28. Nf4 Ne8 29. a3 Kd6 30. Ke3 c5 31. Ne2 Ke7 32. Nc3 Bc6 33. f4 Nd6 34. a4 c4
35. bxc4 dxc4 36. Bc2 b5 37. d5 Bd7 38. axb5 Nxb5 39. Nxb5 Bxb5 40. Kd4 a4 41.
Kc3 Kd6 42. h5 Kxd5 43. g5 fxg5 44. fxg5 Ke5 45. gxh6 Kf6 46. Kb4 Bc6 47. Kxc4
Bf3 48. Bxa4 Bxh5 49. Bc2 Bg6 50. fxg6 fxg6 51. Kd4 g5 52. Ke3 1-0

[Event "Gibraltar Masters 2015"]
[Site "Caleta ENG"]
[Date "2015.01.28"]
[Round "2.66"]
[White "Motylev, Alexander"]
[Black "Vanheirzeele, Daniel"]
[Result "1-0"]
[WhiteTitle "GM"]
[WhiteElo "2665"]
[BlackElo "2091"]
[WhiteFideId "4121830"]
[BlackFideId "200425"]
[EventDate "2015.01.27"]

1. e4 c5 2. Nf3 d6 3. d4 cxd4 4. Nxd4 Nf6 5. Nc3 g6 6. Be3 Bg7 7. f3 Nc6 8. Qd2
O-O 9. O-O-O d5 10. exd5 Nxd5 11. Nxc6 bxc6 12. Bd4 Bxd4 13. Qxd4 Qb6 14. Na4
Qc7 15. Bc4 Rd8 16. Bb3 Bf5 17. g3 Nb6 18. Qc5 Rd6 19. Nc3 Rad8 20. Nb5 Rxd1+
21. Rxd1 Rxd1+ 22. Kxd1 Qd8+ 23. Nd4 Bd7 24. Kc1 Qe8 25. f4 Kg7 26. a4 f6 27. a5 1-0

[Event "Gibraltar Masters 2015"]
[Site "Caleta ENG"]
[Date "2015.01.28"]
[Round "2.67"]
[White "Hewson, Brian Wr"]
[Black "Nuri, Kambez"]
[Result "0-1"]
[BlackTitle "FM"]
[WhiteElo "2084"]
[BlackElo "2305"]
[WhiteFideId "437484"]
[BlackFideId "1311433"]
[EventDate "2015.01.27"]

1. d4 Nf6 2. Nf3 g6 3. c4 Bg7 4. g3 O-O 5. Bg2 d6 6. Nc3 Nbd7 7. O-O e5 8. dxe5
dxe5 9. Qc2 c6 10. b3 Re8 11. Rd1 e4 12. Nd4 a6 13. e3 Qe7 14. Rb1 h5 15. Bb2
Nf8 16. Na4 Bg4 17. Ne2 h4 18. Rd2 Ne6 19. h3 Bf3 20. Be5 Bxe2 21. Rxe2 Ng5 22.
Bf4 Nf3+ 23. Bxf3 exf3 24. Ree1 Nh5 25. Qd1 b5 26. Bd6 Qg5 27. Nb6 Rad8 28. c5
hxg3 29. Qxf3 gxf2+ 30. Kxf2 Re6 31. Qxc6 Rdxd6 32. cxd6 Qg3+ 33. Kf1 Rf6+ 34.
Ke2 Qh2+ 35. Kd3 Rxd6+ 36. Qd5 Qe5 0-1

[Event "Gibraltar Masters 2015"]
[Site "Caleta ENG"]
[Date "2015.01.28"]
[Round "2.68"]
[White "Compton, Alistair"]
[Black "Vojinovic, Jovana"]
[Result "1/2-1/2"]
[BlackTitle "WGM"]
[WhiteElo "2071"]
[BlackElo "2301"]
[WhiteFideId "4300645"]
[BlackFideId "937266"]
[EventDate "2015.01.27"]

1. e4 g6 2. d4 Nf6 3. e5 Nh5 4. Be2 d6 5. Nf3 Nc6 6. exd6 exd6 7. d5 Ne7 8. c4
Bg7 9. Nc3 O-O 10. O-O Bg4 11. h3 Bxf3 12. Bxf3 Nf6 13. Bf4 Re8 14. Rc1 a6 15.
b3 Nf5 16. g3 Nd7 17. Ne4 h6 18. h4 Nd4 19. Bg2 Nc5 20. Nc3 a5 21. g4 Rc8 22.
Be3 Qf6 23. g5 hxg5 24. hxg5 Qe5 25. Qxd4 Qxd4 26. Bxd4 Bxd4 27. Nb5 Be5 28. Bh3
Rcd8 29. Nxc7 Re7 30. Nb5 Bf4 31. Rce1 Rde8 32. Rxe7 Rxe7 33. Kg2 Ne4 34. Re1
Bxg5 35. f3 Nc5 36. Rxe7 Bxe7 37. Kg3 Nd3 38. a3 Nc5 39. b4 axb4 40. axb4 Nd3
41. Bc8 b6 42. Na7 Bf6 43. Nc6 Bc3 44. Ba6 Bxb4 45. Kg4 Bc5 46. f4 Nf2+ 47. Kf3
f5 48. Bb5 Ne4 49. Nd8 Kg7 50. Ne6+ Kf6 51. Ba6 Nc3 52. Ng5 Bb4 53. Bb5 Ke7 54.
Bc6 Nb1 55. Bb5 Bc3 56. Ne6 Bf6 57. Nc7 Kf7 58. Be8+ Kg7 59. Ne6+ Kh6 60. Bb5
Nd2+ 61. Ke2 Ne4 62. Kf3 g5 63. fxg5+ Bxg5 64. Nd4 Kg6 65. Bd7 Nd2+ 66. Ke2 Nxc4
67. Nxf5 Bf4 68. Nd4 Kf6 69. Bb5 Ne3 70. Kf3 Bh6 71. Ke4 Nd1 72. Bc6 Nf2+ 73.
Kf3 Nd3 74. Bb5 Nc5 75. Nc6 Bg5 76. Bf1 Nb3 77. Bd3 Bc1 78. Bc2 Nd2+ 79. Ke2 Nc4
80. Be4 Kg5 81. Kd3 b5 82. Bh7 Be3 83. Kc3 Bc5 84. Bd3 Na3 85. Kb3 Kf4 86. Nb4
Ke3 87. Bf1 Nc4 88. Bg2 Nd2+ 89. Kc3 Ne4+ 90. Kb3 Nf2 91. Nc6 Ne4 92. Bh3 Kf3
93. Bf5 Nd2+ 94. Kc2 Ke3 95. Bg6 Nf3 96. Kb3 Ng1 97. Bh7 Ne2 98. Bg6 Nf4 99. Bf7
Ke4 100. Ne7 Ne2 101. Nc6 Ke3 102. Bg6 Nf4 103. Bf7 Kd2 104. Ne7 Nd3 105. Be8
Nc1+ 106. Kb2 Bd4+ 107. Ka3 Bc5+ 108. Kb2 b4 109. Nc6 Ne2 110. Kb3 Nc3 111. Nxb4
Bxb4 112. Kxb4 Nxd5+ 113. Kc4 Ne3+ 114. Kd4 1/2-1/2

[Event "Gibraltar Masters 2015"]
[Site "Caleta ENG"]
[Date "2015.01.28"]
[Round "2.69"]
[White "De Haan, Eric"]
[Black "Yu, Jonathan"]
[Result "0-1"]
[WhiteTitle "FM"]
[WhiteElo "2299"]
[BlackElo "2081"]
[WhiteFideId "1005006"]
[BlackFideId "2606828"]
[EventDate "2015.01.27"]

1. d4 e6 2. c4 Nf6 3. Nc3 Bb4 4. e3 c5 5. Ne2 cxd4 6. exd4 O-O 7. a3 Be7 8. Nf4
d5 9. cxd5 exd5 10. Bd3 Nc6 11. Be3 Re8 12. O-O Bd6 13. Ncxd5 Nxd5 14. Nxd5
Bxh2+ 15. Kxh2 Qxd5 16. Rc1 Bf5 17. Bc4 Qd6+ 18. Kg1 Qg6 19. Bd5 Rad8 20. Bxc6
bxc6 21. Rc5 h6 22. Qf3 Be4 23. Qh3 Bd5 24. Re1 Re6 25. Rcc1 Re4 26. f3 Re6 27.
Bf2 Rde8 28. Qg3 Qd3 29. Re5 Qd2 30. Rce1 Qxb2 31. f4 f5 32. Rxe6 Rxe6 33. Rxe6
Bxe6 34. Qg6 Qb1+ 35. Kh2 Bd5 36. Bh4 Qe4 37. Bf6 Qxf4+ 38. Kg1 Qg4 39. Qxg4
fxg4 40. Bd8 Kf7 41. g3 Ke8 42. Ba5 Kd7 43. Bb4 g6 44. Bf8 h5 45. Bh6 Ke6 46.
Bg5 Kf5 47. Be7 Ke4 48. Bf6 Kf3 49. Kh2 Kf2 50. Bg5 Bb3 51. Be7 a5 52. Bg5 a4
53. Be7 Ke3 54. Bf6 g5 55. Kg2 h4 56. Kh2 Kf2 57. Be5 Bd5 58. Bd6 Ke3 59. Be5 h3
60. Bf6 Kd3 61. Kg1 Kc4 62. Be5 c5 63. dxc5 Kb3 64. c6 Kxa3 65. c7 Bb7 0-1

[Event "Gibraltar Masters 2015"]
[Site "Caleta ENG"]
[Date "2015.01.28"]
[Round "2.70"]
[White "Cawley, Paul F"]
[Black "Tate, Alan"]
[Result "0-1"]
[BlackTitle "FM"]
[WhiteElo "2070"]
[BlackElo "2297"]
[WhiteFideId "417920"]
[BlackFideId "2401878"]
[EventDate "2015.01.27"]

1. d4 Nf6 2. Bf4 g6 3. e3 Bg7 4. Nf3 O-O 5. h3 c5 6. Be2 Qb6 7. Nc3 cxd4 8. exd4
d6 9. Rb1 Qa5 10. O-O Nc6 11. Re1 e5 12. Bh2 e4 13. Nd2 d5 14. Bd6 Re8 15. Nb5
Qd8 16. Bf4 Re7 17. Nf1 Ne8 18. c3 f5 19. Qd2 Rf7 20. c4 a6 21. Nc3 Nxd4 22.
Nxd5 Be6 23. Bd1 Nd6 24. Qb4 Nxc4 25. Qxc4 Qxd5 26. Qb4 Nc6 27. Qa4 Qxa2 28.
Qxa2 Bxa2 29. Ra1 Be6 30. Ne3 Bxb2 0-1

[Event "Gibraltar Masters 2015"]
[Site "Caleta ENG"]
[Date "2015.01.28"]
[Round "2.71"]
[White "Rydstrom, Tom"]
[Black "Freuler, Roman"]
[Result "1/2-1/2"]
[WhiteElo "2292"]
[BlackElo "2071"]
[WhiteFideId "1714830"]
[BlackFideId "1304283"]
[EventDate "2015.01.27"]

1. e4 c5 2. Nf3 d6 3. d4 cxd4 4. Nxd4 Nf6 5. Nc3 Nc6 6. Bg5 e6 7. f3 Be7 8. Qd2
a6 9. O-O-O d5 10. exd5 Nxd5 11. Bxe7 Ncxe7 12. Nxd5 Qxd5 13. c4 Qc5 14. Nb3 Qc7
15. Qd6 Qxd6 16. Rxd6 Nc6 17. Be2 Ke7 18. Rhd1 Rd8 19. Rxd8 Nxd8 20. a4 Bd7 21.
Nc5 Be8 22. b3 b6 23. Ne4 Nb7 24. Kb2 Nc5 25. a5 f5 26. Nd2 bxa5 27. Ra1 Nb7 28.
f4 Bc6 29. Kc3 h6 30. Nf3 Be4 31. Ne5 Kf6 32. h4 g5 33. hxg5+ hxg5 34. g3 Rh8
35. Bd3 Bxd3 36. Nxd3 Rh3 37. c5 Rxg3 38. c6 Nd6 39. fxg5+ Rxg5 40. Rxa5 Nb5+
41. Kb4 Nc7 42. Nc5 Ke7 43. Nxa6 Nxa6+ 44. Rxa6 f4 45. c7 Kd7 46. Rxe6 Kxc7 47.
Rf6 Kd7 48. Ka4 Rg7 49. b4 f3 50. Rxf3 1/2-1/2

[Event "Gibraltar Masters 2015"]
[Site "Caleta ENG"]
[Date "2015.01.28"]
[Round "2.72"]
[White "Lombaers, Peter"]
[Black "Skutta, Bernd"]
[Result "1-0"]
[WhiteElo "2291"]
[BlackElo "2059"]
[WhiteFideId "1032852"]
[BlackFideId "4666950"]
[EventDate "2015.01.27"]

1. e4 d6 2. d4 Nf6 3. Nc3 g6 4. Bg5 Nbd7 5. Qd2 c5 6. Bxf6 Nxf6 7. dxc5 dxc5 8.
Qxd8+ Kxd8 9. Rd1+ Kc7 10. Bc4 e6 11. f4 a6 12. e5 Ng4 13. Ke2 f5 14. a4 g5 15.
g3 Nh6 16. Nf3 Nf7 17. h4 g4 18. Ng5 Nd8 19. Rxd8 Kxd8 20. Nxe6+ Bxe6 21. Bxe6
Kc7 22. Bxf5 h5 23. Nd5+ Kc6 24. Rd1 Bg7 25. Ne7+ Kb6 26. a5+ Kxa5 27. Nd5 Rad8
28. c4 Rxd5 29. cxd5 c4 30. d6 Rd8 31. e6 Bf6 32. e7 1-0

[Event "Gibraltar Masters 2015"]
[Site "Caleta ENG"]
[Date "2015.01.28"]
[Round "2.73"]
[White "Gieritz, Dietmar"]
[Black "Olsarova, Tereza"]
[Result "0-1"]
[BlackTitle "WIM"]
[WhiteElo "2048"]
[BlackElo "2288"]
[WhiteFideId "4643178"]
[BlackFideId "325449"]
[EventDate "2015.01.27"]

1. Nf3 d5 2. g3 c6 3. Bg2 Bf5 4. O-O e6 5. d4 Nf6 6. c4 h6 7. Nc3 Be7 8. a4 a5
9. Qb3 Ra7 10. Rd1 Nbd7 11. Ne1 O-O 12. h3 Bd6 13. Be3 Bb8 14. Rd2 Nb6 15. cxd5
exd5 16. g4 Be6 17. Nd1 Nc4 18. Rc2 Ne8 19. f3 f5 20. Bf2 Ned6 21. Nd3 fxg4 22.
hxg4 b6 23. Bg3 Raf7 24. N1f2 h5 25. Bh3 hxg4 26. Bxg4 Nf5 27. Bxf5 Rxf5 28. Ne5
Bxe5 29. dxe5 Rg5 30. Nh1 b5 31. Rf1 Bf5 32. e4 dxe4 33. f4 Qd4+ 34. Rcf2 Rg6
35. axb5 e3 36. Re2 cxb5 37. Qxb5 Bd3 0-1

[Event "Gibraltar Masters 2015"]
[Site "Caleta ENG"]
[Date "2015.01.28"]
[Round "2.74"]
[White "Sanchez Jerez, Emilio Miguel"]
[Black "Dasaolu, Rotimi"]
[Result "1-0"]
[WhiteTitle "FM"]
[WhiteElo "2282"]
[BlackElo "2053"]
[WhiteFideId "2256088"]
[BlackFideId "8500150"]
[EventDate "2015.01.27"]

1. e4 c5 2. Nc3 a6 3. Nf3 e6 4. d4 cxd4 5. Nxd4 Qc7 6. g3 Bb4 7. Bd2 Nf6 8. Bg2
Nc6 9. Nb3 Be7 10. f4 d6 11. a4 b6 12. O-O Bb7 13. g4 Nd7 14. g5 h6 15. g6 fxg6
16. f5 gxf5 17. exf5 O-O-O 18. fxe6 Nf6 19. Rxf6 gxf6 20. Nd5 Qb8 21. Nxb6+ Kc7
22. Nd5+ Kc8 23. Nd4 Rde8 24. Nf5 Rhg8 25. Bf4 Rxg2+ 26. Kxg2 Nb4 27. c4 Nxd5
28. cxd5 Bxd5+ 29. Qxd5 Qxb2+ 30. Kh3 1-0

[Event "Gibraltar Masters 2015"]
[Site "Caleta ENG"]
[Date "2015.01.28"]
[Round "2.75"]
[White "Tranter, Stephen"]
[Black "Elishev, Ivan"]
[Result "0-1"]
[WhiteElo "1997"]
[BlackElo "2153"]
[WhiteFideId "426113"]
[BlackFideId "4186826"]
[EventDate "2015.01.27"]

1. e4 d5 2. exd5 Nf6 3. Bb5+ Bd7 4. Bc4 b5 5. Bb3 Bg4 6. f3 Bc8 7. Qe2 a6 8. a4
b4 9. c4 c6 10. d4 cxd5 11. c5 Nc6 12. Be3 a5 13. Bc2 Nd7 14. f4 g5 15. Nh3 g4
16. Nf2 h5 17. Nd2 Ba6 18. Bd3 Bxd3 19. Nxd3 f5 20. Ne5 Ndxe5 21. fxe5 e6 22.
Nb3 Kf7 23. Nc1 Qh4+ 24. g3 Qe7 25. Qd2 Kg6 26. Ne2 h4 27. Kf2 Bh6 28. Bxh6 Rxh6
29. Nf4+ Kg7 30. Ng2 Rah8 31. gxh4 Rxh4 32. Qf4 g3+ 33. Qxg3+ 0-1

[Event "Gibraltar Masters 2015"]
[Site "Caleta ENG"]
[Date "2015.01.28"]
[Round "2.76"]
[White "Fomani, Medhi"]
[Black "Buchal, Stephan"]
[Result "1-0"]
[BlackTitle "FM"]
[WhiteElo "2033"]
[BlackElo "2273"]
[WhiteFideId "2259435"]
[BlackFideId "4603915"]
[EventDate "2015.01.27"]

1. d4 g6 2. Nf3 Bg7 3. g3 f5 4. Bg2 Nf6 5. O-O O-O 6. c4 d6 7. Nc3 c6 8. b3 Na6
9. Bb2 Bd7 10. Qd2 Rc8 11. Rfe1 b5 12. cxb5 cxb5 13. Ng5 h6 14. Nh3 Nc7 15. Nf4
Qe8 16. Rac1 Qf7 17. e3 g5 18. Nd3 Ne6 19. Nd5 Ne4 20. Qa5 Rxc1 21. Rxc1 N6c5
22. Nxe7+ Qxe7 23. dxc5 Bxb2 24. Nxb2 dxc5 25. Qxa7 Qg7 26. Nd3 Rf7 27. Nxc5
Nxf2 28. Nxd7 Nd3 29. Rf1 Rxd7 30. Qb8+ Kh7 31. Qxb5 Ne5 32. Rxf5 Ng6 33. Rf1
Re7 34. Qd3 Qe5 35. Re1 Kg7 36. a4 Qc5 37. Qc4 Qd6 38. Qc3+ Kh7 39. Rf1 Rc7 40.
Qd4 Qe6 41. Be4 Re7 42. Bxg6+ Kxg6 43. a5 Kh5 44. b4 Rd7 45. Qf6 Qxe3+ 46. Qf2
Qe6 47. a6 1-0

[Event "Gibraltar Masters 2015"]
[Site "Caleta ENG"]
[Date "2015.01.28"]
[Round "2.77"]
[White "Viana, Dirceu"]
[Black "Byrn, Carsten"]
[Result "1/2-1/2"]
[WhiteTitle "FM"]
[WhiteElo "2268"]
[BlackElo "2044"]
[WhiteFideId "2101360"]
[BlackFideId "1406345"]
[EventDate "2015.01.27"]

1. e4 c5 2. Nc3 Nc6 3. g3 g6 4. Bg2 Bg7 5. d3 d6 6. Nh3 e5 7. f4 Nge7 8. O-O
exf4 9. Nxf4 O-O 10. Be3 Rb8 11. Rb1 b5 12. a3 a5 13. Qd2 b4 14. axb4 axb4 15.
Ncd5 Nxd5 16. Nxd5 Be6 17. Bg5 f6 18. Be3 Bxd5 19. exd5 Ne5 20. h3 f5 21. Rf2
Ra8 22. b3 Ra2 23. d4 cxd4 24. Bxd4 Qa5 25. g4 Rc8 26. Rc1 fxg4 27. hxg4 Qd8 28.
g5 Qe7 29. Bh3 Rf8 30. Be6+ Kh8 31. Rxf8+ Qxf8 32. Rf1 Qe7 33. Qf4 Ra8 34. Kg2
Rf8 35. Qe3 Rxf1 36. Kxf1 Qf8+ 37. Ke2 Qe7 38. Kd1 Qf8 39. Kc1 Qf3 40. Qd2 Qh1+
41. Kb2 h6 42. Qxb4 hxg5 43. Qc3 Qd1 44. Qh3+ Qh5 45. Qc3 Qd1 46. Ka2 Qe2 47. b4
Kh7 48. Qh3+ Qh5 49. b5 Qxh3 50. Bxh3 g4 51. Bf1 Nd7 52. Be3 Bf6 53. b6 Bd8 54.
b7 Bc7 55. Ba7 g3 56. Bh3 Nb8 57. Be3 Kg7 58. Bf4 Kf6 59. Kb3 Na6 60. Kc4 Nc5
61. Kb5 Bb8 62. Kc6 g5 63. Bxg3 Ke7 64. c4 Na6 65. Bf2 Nb4+ 66. Kb5 Nd3 67. Be3
Kd8 68. Bb6+ Ke7 69. Bf1 Ne5 70. c5 dxc5 71. Bxc5+ Kd7 72. Kb6 g4 73. Bb5+ Kd8
74. Bd4 g3 75. Kc5 Nd7+ 76. Kc4 Ne5+ 77. Kc3 g2 78. Bb6+ Ke7 79. Bc5+ Kd8 80.
Bb6+ Ke7 81. Bc5+ Kd8 82. d6 Nd7 83. Bg1 Bxd6 84. Bc6 Kc7 85. Bxg2 Nc5 1/2-1/2

[Event "Gibraltar Masters 2015"]
[Site "Caleta ENG"]
[Date "2015.01.28"]
[Round "2.78"]
[White "Frisk, Ellinor"]
[Black "Henrichsen, Jens"]
[Result "1-0"]
[WhiteTitle "WIM"]
[WhiteElo "2266"]
[BlackElo "2030"]
[WhiteFideId "1708481"]
[BlackFideId "1401858"]
[EventDate "2015.01.27"]

1. c4 Nf6 2. g3 g6 3. Bg2 d5 4. cxd5 Nxd5 5. Nf3 Bg7 6. O-O O-O 7. Nc3 Nxc3 8.
bxc3 c5 9. Qc2 Nc6 10. Rb1 Qc7 11. d4 Rd8 12. Bf4 Qa5 13. e3 h6 14. h4 Qa6 15.
Rfd1 Be6 16. Rb2 Rac8 17. Qb1 Na5 18. Nd2 b6 19. Bf1 Qb7 20. Qd3 cxd4 21. cxd4
Nc4 22. Nxc4 Bxc4 23. Qb1 Bxf1 24. Rxf1 Rc4 25. Rc2 Rdc8 26. Rfc1 Qd5 27. Rxc4
Rxc4 28. Rxc4 Qxc4 29. Bb8 Qa6 30. Qc2 Qb7 31. Qc7 Qxc7 32. Bxc7 b5 33. Kf1 Kf8
34. Ke2 Ke8 35. Kd3 Kd7 36. Ba5 e6 37. e4 Bf8 38. f3 Kc6 39. Be1 a6 40. g4 g5
41. h5 Be7 42. Bd2 f6 43. f4 gxf4 44. Bxf4 Bf8 45. Bd2 Kd7 46. d5 Bg7 47. Bb4 a5
48. Bxa5 Kd6 49. Bb4+ Kd7 50. dxe6+ Kxe6 51. Ke3 Ke5 52. Bc5 Ke6 53. Kf4 Kf7 54.
Kf5 Bh8 55. Bb4 Bg7 56. Bc3 Bh8 57. e5 fxe5 58. Bxe5 Bxe5 59. Kxe5 1-0

[Event "Gibraltar Masters 2015"]
[Site "Caleta ENG"]
[Date "2015.01.28"]
[Round "2.79"]
[White "Cordes, Hans-Joerg"]
[Black "Suez-Panama, Gilles"]
[Result "0-1"]
[WhiteTitle "FM"]
[WhiteElo "2262"]
[BlackElo "2030"]
[WhiteFideId "4602234"]
[BlackFideId "620165"]
[EventDate "2015.01.27"]

1. d4 Nf6 2. Bg5 c6 3. Bxf6 exf6 4. e3 Be7 5. Bd3 d5 6. Nd2 a5 7. g4 Be6 8. f4
Na6 9. c3 b5 10. Qf3 Bd7 11. Ne2 Nc7 12. Ng3 b4 13. c4 dxc4 14. Nxc4 Nd5 15. O-O
g6 16. Rad1 O-O 17. e4 Nb6 18. f5 c5 19. dxc5 Bxc5+ 20. Kg2 Qe7 21. e5 Nxc4 22.
Bxc4 Rad8 23. exf6 Qxf6 24. Ne4 Qxb2+ 25. Rd2 Qe5 26. Rd5 Qb2+ 27. Rd2 Qe5 28.
Rd5 Qb2+ 29. Kh3 Bd4 30. Rd6 Be5 31. Rd2 Qa3 32. Rd3 Qa4 33. Rfd1 h5 34. Rxd7
Rxd7 35. Nc5 Qc2 36. Rh1 Rd2 0-1

[Event "Gibraltar Masters 2015"]
[Site "Caleta ENG"]
[Date "2015.01.28"]
[Round "2.80"]
[White "Lien, Kjell Hakon"]
[Black "Prosviriakov, Vladimir"]
[Result "1/2-1/2"]
[BlackTitle "IM"]
[WhiteElo "2020"]
[BlackElo "2257"]
[WhiteFideId "1510444"]
[BlackFideId "2004860"]
[EventDate "2015.01.27"]

1. c4 e5 2. Nc3 d6 3. Nf3 f5 4. d4 e4 5. Ng5 Be7 6. Nh3 Nf6 7. e3 c6 8. Nf4 Na6
9. Be2 Nc7 10. d5 c5 11. a3 O-O 12. h4 Nd7 13. g3 Ne5 14. b4 b6 15. Bb2 g6 16.
b5 Bf6 17. a4 a6 18. Qc2 Bd7 19. O-O-O axb5 20. axb5 Qe7 21. Kd2 Rfe8 22. Ra1
Qf8 23. Rhb1 Reb8 24. Qd1 Kf7 25. Qc1 Qc8 26. Qd1 Bg7 27. Rxa8 Rxa8 28. Ra1 Bf6
29. Ra4 Rxa4 30. Qxa4 Qb8 31. Qa1 Ne8 32. Qa2 Bg7 33. Nd1 Nf6 34. Bxe5 dxe5 35.
Ng2 Ne8 36. Nc3 Nd6 37. Qa1 h6 38. Qa2 Ke7 39. Qa1 g5 40. hxg5 hxg5 41. Qh1 Qh8
42. Qxh8 Bxh8 43. Na4 Nc8 44. Nc3 Kd8 45. g4 Nd6 46. gxf5 Bxf5 47. Ke1 Bh3 48.
Kf1 Bf6 49. Kg1 Ke8 50. Kh2 Bf5 51. Nb1 Kf7 52. Nd2 Kg6 53. Bd1 g4 54. Ne1 Bh4
55. Kg2 Kf7 56. Nf1 1/2-1/2

[Event "Gibraltar Masters 2015"]
[Site "Caleta ENG"]
[Date "2015.01.28"]
[Round "2.81"]
[White "Nwoye, Nnamdi"]
[Black "Semprun Martinez, Fernando"]
[Result "0-1"]
[WhiteElo "2015"]
[BlackElo "2253"]
[WhiteFideId "8503311"]
[BlackFideId "2203170"]
[EventDate "2015.01.27"]

1. c4 c5 2. g3 Nc6 3. Bg2 g6 4. Nc3 Bg7 5. d3 e5 6. Nf3 Nge7 7. Nd2 d6 8. Nf1
Be6 9. Ne3 Rb8 10. O-O O-O 11. Rb1 a6 12. a4 Nb4 13. Bd2 a5 14. h4 b6 15. Qb3 f5
16. Ned5 Nexd5 17. cxd5 Bf7 18. f4 Re8 19. Rbd1 exf4 20. Bxf4 Bd4+ 21. Kh2 Be3
22. Rf3 Bxf4 23. Rxf4 Re3 24. Rd2 Qe7 25. Bf3 Re8 26. Nd1 Rxf3 27. exf3 Nxd5 28.
Rc4 Qe1 29. Qc2 Nb4 30. Rxb4 axb4 31. Nf2 Bd5 32. Ne4 fxe4 33. dxe4 b3 34. Qd3
Be6 35. Qxd6 Qf1 36. Qc7 Qxf3 37. Rd8 Qf2+ 38. Kh1 Qf1+ 39. Kh2 Qe2+ 40. Kg1
Qe3+ 41. Kh2 Qf2+ 42. Kh1 Rf8 43. Rxf8+ Qxf8 44. Qxb6 Qf1+ 45. Kh2 Qh3+ 46. Kg1
Qxg3+ 47. Kf1 Bc4# 0-1

[Event "Gibraltar Masters 2015"]
[Site "Caleta ENG"]
[Date "2015.01.28"]
[Round "2.82"]
[White "Menna Barreto, Felipe Kubiaki"]
[Black "Michalowski, Peter"]
[Result "1-0"]
[WhiteTitle "FM"]
[WhiteElo "2247"]
[BlackElo "2024"]
[WhiteFideId "2119757"]
[BlackFideId "24609978"]
[EventDate "2015.01.27"]

1. Nf3 Nf6 2. d4 e6 3. g3 c5 4. Bg2 d5 5. c4 cxd4 6. O-O Be7 7. cxd5 exd5 8.
Nxd4 O-O 9. Nc3 Nc6 10. Be3 Be6 11. Rc1 Qd7 12. Nxc6 bxc6 13. Na4 Bh3 14. Qc2
Bxg2 15. Kxg2 Rac8 16. Rfd1 Rfe8 17. Rd3 Ne4 18. f3 Nd6 19. Bf2 Bg5 20. Rcd1 Qf5
21. Rc3 Qxc2 22. Rxc2 Nc4 23. e4 Ne3+ 24. Bxe3 Bxe3 25. Rd3 Bg5 26. exd5 cxd5
27. Rxc8 Rxc8 28. Rxd5 Rc2+ 29. Kh3 h6 30. Rc5 Rf2 31. Rc8+ Kh7 32. Rc7 Be3 33.
Rxf7 Kg8 34. Re7 Bd4 35. Rd7 Bb6 36. f4 Rc2 37. Nxb6 axb6 38. b4 Rxa2 39. Rb7
Rb2 40. Rxb6 Kh7 41. b5 1-0

[Event "Gibraltar Masters 2015"]
[Site "Caleta ENG"]
[Date "2015.01.28"]
[Round "2.83"]
[White "Scharrer, Patrick"]
[Black "Machlik, Monika"]
[Result "1-0"]
[WhiteTitle "FM"]
[WhiteElo "2231"]
[BlackElo "2015"]
[WhiteFideId "811114"]
[BlackFideId "1513621"]
[EventDate "2015.01.27"]

1. e4 c6 2. d4 d5 3. Nc3 dxe4 4. Nxe4 Bf5 5. Ng3 Bg6 6. h4 h6 7. Nf3 Nd7 8. h5
Bh7 9. Bd3 Bxd3 10. Qxd3 e6 11. Bd2 Qc7 12. O-O-O Ngf6 13. Ne4 O-O-O 14. g3 Nc5
15. Nxc5 Bxc5 16. Rh4 Qe7 17. Qe2 Bb6 18. c4 Rhe8 19. Bc3 Kb8 20. Kb1 a6 21. a3
Ka8 22. Ne5 c5 23. Rd3 Qc7 24. dxc5 Bxc5 25. Rh1 Rxd3 26. Nxd3 Bd6 27. Rc1 Bf8
28. Ne5 Rd8 29. f4 Ne8 30. c5 Nf6 31. c6 Nd5 32. Qc4 f6 33. Ng6 Bd6 34. Bd2 Qxc6
35. Qxc6 bxc6 36. Rxc6 Kb7 37. Rc4 Ne7 38. Nxe7 Bxe7 39. Kc2 Rc8 40. Rxc8 Kxc8
41. Kd3 Kc7 42. Kc4 f5 43. Bc3 Bf6 44. Be5+ Kc6 45. b4 Kb6 46. a4 Kc6 47. b5+
axb5+ 48. axb5+ Kb6 49. Bd6 Bd8 50. Bc5+ Kb7 51. Bf8 Bf6 52. Kc5 Bb2 53. Kd6
Ba3+ 54. Kxe6 Bxf8 55. Kf7 Bc5 56. Kxg7 Bf2 57. Kxh6 Bxg3 58. Kg5 Kb6 59. Kxf5
Kxb5 60. h6 Be1 61. Ke6 Bc3 62. f5 Bh8 63. f6 Kc6 64. f7 1-0

[Event "Gibraltar Masters 2015"]
[Site "Caleta ENG"]
[Date "2015.01.28"]
[Round "2.84"]
[White "Henderson de La Fuente, Lance"]
[Black "Spence, David J"]
[Result "1/2-1/2"]
[WhiteElo "2014"]
[BlackElo "2231"]
[WhiteFideId "32096585"]
[BlackFideId "407429"]
[EventDate "2015.01.27"]

1. e4 e6 2. d4 d5 3. Nd2 Nf6 4. e5 Nfd7 5. Bd3 c5 6. c3 Nc6 7. Ne2 cxd4 8. cxd4
f6 9. exf6 Nxf6 10. O-O Bd6 11. Nf3 Qc7 12. Bg5 O-O 13. Rc1 h6 14. Bh4 Nh5 15.
Bb1 g5 16. Bg3 Nxg3 17. Nxg3 Qf7 18. a3 Bd7 19. Qd3 Rae8 20. Nh5 Re7 21. Ng3 a6
22. b4 Be8 23. Rc2 Qg7 24. Rd2 Bf4 25. Rdd1 Bb8 26. Rfe1 Ba7 27. Qc3 Bb8 28. Re2
g4 29. Ne1 Ba7 30. Red2 h5 31. Nf1 Rf4 32. Nc2 Bg6 33. Nfe3 Ref7 34. a4 Bxc2 35.
Nxc2 e5 36. Ba2 exd4 37. Qg3 Qg5 38. h4 Qf5 39. b5 axb5 40. axb5 d3 41. Ne3 Bxe3
42. Qxe3 Nb4 43. Bb1 d4 44. Qg3 Qxb5 45. Bxd3 Nxd3 46. Qxd3 Qxd3 47. Rxd3 Rxf2
48. Rxd4 Kg7 49. Rb4 Kg6 50. Rdb1 R2f4 51. Rxb7 Rxb7 52. Rxb7 g3 53. Rb3 Rg4 54.
Rf3 1/2-1/2

[Event "Gibraltar Masters 2015"]
[Site "Caleta ENG"]
[Date "2015.01.28"]
[Round "2.85"]
[White "Hommerson, Paul"]
[Black "Nilsen, Martin"]
[Result "1-0"]
[WhiteElo "2229"]
[BlackElo "2011"]
[WhiteFideId "1025325"]
[BlackFideId "1510657"]
[EventDate "2015.01.27"]

1. e4 e6 2. d4 d5 3. Nd2 Be7 4. e5 c5 5. c3 Nc6 6. Ndf3 Nh6 7. Bd3 Nf5 8. dxc5
Bxc5 9. Nh3 h6 10. Nf4 g5 11. Nh5 Kf8 12. h3 b5 13. O-O a6 14. b4 Ba7 15. a4 Bb7
16. Ba3 Bb8 17. Re1 d4 18. axb5 axb5 19. Bxb5 Nxe5 20. Nxe5 Qd5 21. Bc6 Bxc6 22.
Nxc6 Nh4 23. f3 Nf5 24. Nxb8 Ne3 25. Rxe3 dxe3 26. Qxd5 exd5 27. Nc6 f5 28. b5+
Kf7 29. b6 Ra6 30. Bb2 Rxb6 31. Ra7+ Ke6 32. Nd4+ Ke5 33. Re7+ Kd6 34. Ba3+ 1-0